Disticos de Catón / (Registro nro. 185998)

Detalles MARC
000 -LEADER
campo de control de longitud fija 00634nam a2200193 i 4500
001 - NÚMERO DE CONTROL
campo de control 185998
003 - IDENTIFICADOR DE NÚMERO DE CONTROL
campo de control ES-MaACL
005 - FECHA Y HORA DE LA ÚLTIMA TRANSACCIÓN
campo de control 20230906222548.0
008 - DATOS DE LONGITUD FIJA--INFORMACIÓN GENERAL
campo de control de longitud fija 160902s1954 sp |||| | spa d
100 1# - ENTRADA PRINCIPAL--NOMBRE DE PERSONA
Nombre de persona Catón, Dionisio.
9 (RLIN) 160682
245 10 - MENCIÓN DEL TÍTULO
Título Disticos de Catón /
Mención de responsabilidad, etc. Martín García ; traslación del doctor Chatón, 1490.
260 ## - PUBLICACIÓN, DISTRIBUCIÓN, ETC.
Lugar de publicación, distribución, etc. Valencia :
Nombre del editor, distribuidor, etc. [s.n.],
Fecha de publicación, distribución, etc. 1954 (
Fabricante Tip. Moderna)
300 ## - DESCRIPCIÓN FÍSICA
Extensión 79 h. ;
Dimensiones 25 cm.
490 1# - MENCIÓN DE SERIE
Mención de serie Incunables poéticos castellanos ;
Designación de volumen o secuencia 3
700 1# - ENTRADA AGREGADA--NOMBRE PERSONAL
Nombre de persona García, Martín.
9 (RLIN) 160683
830 0# - PUNTO DE ACCESO ADICIONAL DE SERIE-TÍTULO UNIFORME
Título uniforme Incunables poéticos castellanos ;
Designación de volumen o secuencia 3
9 (RLIN) 192454
852 ## - LOCALIZACIÓN
Ubicación ES-MaACL
Número de control de estantería E-3400
Existencias
Estatus retirado Estado de pérdida Estado de daño No para préstamo Biblioteca de origen Biblioteca actual Ubicación en estantería Fecha de adquisición Fuente de adquisición Total de préstamos Signatura topográfica completa Código de barras Visto por última vez Precio de reemplazo Tipo de ítem Koha
        Biblioteca del Ateneo de Madrid Biblioteca del Ateneo de Madrid Depósito 2 02/09/2016     E-3400 1196091 23/02/2023 23/02/2023 Libro impreso